[Event "Polanica Zdroj op-A 46th"]
[Site "Polanica Zdroj"]
[Date "2010.08.26"]
[Round "8"]
[White "Klepaczka, Tomasz"]
[Black "Musialkiewicz, Pawel"]
[Result "1-0"]
[WhiteElo "2108"]
[BlackElo "1920"]
[PlyCount "75"]
[EventDate "2010.08.19"]
[EventType "swiss"]
[EventRounds "10"]
[EventCountry "POL"]
[SourceTitle "CBM 138 Extra"]
[Source "ChessBase"]
[SourceDate "2010.10.29"]
[SourceVersion "1"]
[SourceVersionDate "2010.10.29"]
[SourceQuality "1"]

1. b3 d5 2. Bb2 c5 3. e3 Nc6 4. f4 Nf6 5. Nf3 g6 6. Bb5 Bg7 7. Ne5 Qb6 8. c4 Be6 9. Nc3 dxc4 10. Nxc4 Qc7 11. Ne4 a6 12. Be5 Qd8 13. Bxc6+ bxc6 14. Nxc5 Bg4 15. Qc2 Qd5 16. d4 Ra7 17. 0-0 Bf5 18. Qe2 Bg4 19. Qe1 0-0 20. e4 Qd8 21. Qe3 Bc8 22. Qc3 Nxe4 23. Nxe4 f6 24. Nc5 fxe5 25. dxe5 Qd5 26. Nb6 Qf7 27. Nxc8 Rxc8 28. Rad1 Bf8 29. Ne4 c5 30. Ng5 Qf5 31. h3 h5 32. Qf3 Bh6 33. g4 hxg4 34. hxg4 Qf8 35. Qd5+ Kh8 36. Rd2 Bxg5 37. fxg5 Qg8 38. Rf7 1-0

[Event "Polanica Zdroj op-A 46th"]
[Site "Polanica Zdroj"]
[Date "2010.08.25"]
[Round "7"]
[White "Rychlik, Piotr"]
[Black "Klepaczka, Tomasz"]
[Result "0-1"]
[WhiteElo "2114"]
[BlackElo "2108"]
[PlyCount "108"]
[EventDate "2010.08.19"]
[EventType "swiss"]
[EventRounds "10"]
[EventCountry "POL"]
[SourceTitle "CBM 138 Extra"]
[Source "ChessBase"]
[SourceDate "2010.10.29"]
[SourceVersion "1"]
[SourceVersionDate "2010.10.29"]
[SourceQuality "1"]

1. Nf3 Nf6 2. g3 g6 3. Bg2 Bg7 4. d4 0-0 5. 0-0 d5 6. Nbd2 c6 7. c4 Bf5 8. Ne5 Qb6 9. e3 Rd8 10. g4 Bc8 11. c5 Qc7 12. f4 Ne8 13. Qf3 Nd7 14. Qg3 b6 15. b4 f6 16. Nxd7 Bxd7 17. Qf3 Be6 18. Nb3 Bf7 19. Bb2 Qd7 20. h4 Be6 21. g5 Nc7 22. Rfc1 Bf5 23. Qf1 h6 24. cxb6 axb6 25. a4 fxg5 26. hxg5 hxg5 27. a5 bxa5 28. Nc5 Qc8 29. Rxa5 gxf4 30. Qxf4 Nb5 31. Rca1 Rb8 32. Rf1 Nd6 33. Bc3 Rf8 34. Qg3 Rf7 35. Ra2 Nb5 36. Bb2 Nd6 37. Bc3 Ra8 38. Ra5 Nc4 39. Rxa8 Qxa8 40. e4 dxe4 41. Bxe4 Nd6 42. Bxf5 Nxf5 43. Qxg6 Rf6 44. Qg5 Qe8 45. Rxf5 Rg6 46. Kf2 Rxg5 47. Rxg5 Qf7+ 48. Ke2 Kh7 49. Rg3 Qc4+ 50. Rd3 Bh6 51. Kf3 Kg6 52. Ke2 Kf7 53. Nd7 Qa2+ 54. Kf3 Qd5+ 0-1

[Event "Polanica Zdroj op-A 46th"]
[Site "Polanica Zdroj"]
[Date "2010.08.22"]
[Round "4"]
[White "Klepaczka, Tomasz"]
[Black "Nojszewski, Adam"]
[Result "1-0"]
[WhiteElo "2108"]
[BlackElo "1960"]
[PlyCount "119"]
[EventDate "2010.08.19"]
[EventType "swiss"]
[EventRounds "10"]
[EventCountry "POL"]
[SourceTitle "CBM 138 Extra"]
[Source "ChessBase"]
[SourceDate "2010.10.29"]
[SourceVersion "1"]
[SourceVersionDate "2010.10.29"]
[SourceQuality "1"]

1. Nf3 d5 2. g3 Nf6 3. Bg2 e6 4. 0-0 c5 5. d4 cxd4 6. Nxd4 Nc6 7. c4 Be7 8. cxd5 exd5 9. b3 0-0 10. Bb2 Nxd4 11. Qxd4 Be6 12. Nc3 Qd7 13. Rfd1 Rfd8 14. Rd2 b6 15. Rad1 Rac8 16. e3 Bg4 17. Ne2 Bc5 18. Qf4 Bd6 19. Be5 Bxe5 20. Qxe5 Qc7 21. Qxc7 Rxc7 22. h3 Bxe2 23. Rxe2 Rcd7 24. Rd4 Kf8 25. Kf1 g6 26. Rc2 Ne8 27. Rcd2 Nf6 28. h4 h5 29. Rc2 Ne8 30. Bh3 f5 31. Rcd2 Nf6 32. Rc2 Ne8 33. Bg2 Nf6 34. Ke2 Ke7 35. Kf3 Ne4 36. Kf4 Kf6 37. Rc6+ Rd6 38. Rxd5 Rxc6 39. Rxd8 Rc2 40. Bxe4 fxe4 41. a4 Rxf2+ 42. Kxe4 Rg2 43. Rd6+ Kf7 44. Rd7+ Ke6 45. Rxa7 Rxg3 46. Ra6 Rg4+ 47. Kf3 Rxh4 48. Rxb6+ Kf5 49. Rb5+ Kf6 50. a5 Rh3+ 51. Kg2 Rxe3 52. Rb4 Re8 53. a6 Ra8 54. Rb6+ Ke5 55. b4 Kd5 56. b5 Kc5 57. Rb7 g5 58. a7 g4 59. b6 Kc6 60. Rb8 1-0

[Event "POL-chT U19 41st"]
[Site "Ustron"]
[Date "2010.07.13"]
[Round "8"]
[White "Klepaczka, Tomasz"]
[Black "Pietruszewski, Marcin"]
[Result "1-0"]
[WhiteElo "2108"]
[BlackElo "2098"]
[PlyCount "54"]
[EventDate "2010.07.06"]
[EventType "team-tourn"]
[EventRounds "9"]
[EventCountry "POL"]
[SourceTitle "EXT 2019"]
[Source "ChessBase"]
[SourceDate "2018.10.10"]
[SourceVersion "1"]
[SourceVersionDate "2018.10.10"]
[SourceQuality "1"]
[WhiteTeam "Skierniewice KS Piatka U19"]
[BlackTeam "Suwalki Hancza U19"]
[WhiteTeamCountry "POL"]
[BlackTeamCountry "POL"]

1. Nf3 Nf6 2. g3 d5 3. Bg2 Bg4 4. Ne5 Bh5 5. d4 e6 6. c4 c6 7. 0-0 Nbd7 8. b3 Nxe5 9. dxe5 Nd7 10. cxd5 cxd5 11. Bb2 Rc8 12. Qd2 Be7 13. f4 Qb6+ 14. e3 Bg6 15. Bd4 Bc5 16. Nc3 Bxd4 17. exd4 0-0 18. Rac1 Qb4 19. g4 f5 20. exf6 Nxf6 21. f5 exf5 22. g5 Ne8 23. Qe3 Nc7 24. Bxd5+ Kh8 25. Bg2 f4 26. Rxf4 Ne6 27. Kh1 Nxd4 1-0